| 000 | 01761cam a22005174i 4500 | ||
|---|---|---|---|
| 003 | PE-LiUPU | ||
| 005 | 20250731173459.0 | ||
| 008 | 150616s1989 ilu rb 000 0 eng d | ||
| 020 | _a0830817514 | ||
| 020 | _a9780830817511 | ||
| 035 | _a(Sirsi) i9780830817511 | ||
| 040 |
_aPE-LiUPU _bspa _cPE-LiUPU _dPE-LiUPU _erda |
||
| 049 | _aPRUA | ||
| 082 | 0 | 4 |
_a220.63 _bC85 _221 |
| 100 | 1 |
_aCotterell, Peter, _d1930-, _eautor. |
|
| 245 | 1 | 0 |
_aLinguistics & Biblical Interpretation / _cPeter Cotterell, Max Turner. |
| 246 | 3 | _aLinguistics and biblical interpretation | |
| 264 | 1 |
_aIllinois : _bInter Varsity Press, _c1989. |
|
| 300 |
_a348 páginas ; _c23 centímetros |
||
| 336 |
_atext _2rdacontent |
||
| 337 |
_aunmediated _2rdamedia |
||
| 338 |
_avolume _2rdacarrier |
||
| 504 | _aBibliografía: páginas 331-341. | ||
| 505 | 0 | _aLanguage Linguistic and biblical interpretation -- Semantics and hermeneutics -- Dimensions of the meaning of a discourse -- The use and abuse of word studies in theology. | |
| 526 | _aSEG42 | ||
| 526 | _aSEG41 | ||
| 526 | _aSEG40 | ||
| 526 | _aSEG39 | ||
| 526 | _aP94 | ||
| 526 | _aP87 | ||
| 526 | _aP86 | ||
| 526 | _aP85 | ||
| 526 | _aP77 | ||
| 526 | _aP76 | ||
| 526 | _aP35 | ||
| 650 | 0 | 4 | _aHermenéutica bíblica. |
| 650 | 0 | 4 |
_aLenguaje y lenguas _xCristianismo. |
| 650 | 0 | 4 | _aLingüística. |
| 700 | 1 |
_aTurner, Max, _d1947-, _eautor. |
|
| 910 |
_ajck _bjvq _cjck |
||
| 942 |
_2ddc _cBOOK |
||
| 994 |
_aC0 _bPEPRU |
||
| 596 | _a1 | ||
| 999 |
_a220.63 C85 _wDEWEY _c57992 _i40196 _d57992 _e2019-11-10 _f2021-11-9 _g6 _lCCODEBUL1 _mBUL _n2 _p20.00 _r0 _sY _tBOOK _u2015-6-16 _xTEOLOGIA _zUNKNOWN _0COMPRA _o.STAFF. Colección Teología |
||
| 980 |
_81 _gALBERTO SANCHEZ Responsable de Automatización |
||